Statistics for 4-Letter Geography Chain #2

Click here to take the quiz!

General Stats

  • This quiz has been taken 17,909 times
  • The average score is 17 of 24

Answer Stats

HintAnswer% Correct
Yemen's neighborOman
96%
Capital of NorwayOslo
96%
Scottish for lakeLoch
90%
Traditional Scottish lower body garmentKilt
89%
Country in MesopotamiaIraq
88%
Country in IndochinaLaos
86%
Landlocked country between Sudan and NigerChad
86%
The Great Salt Lake can be found hereUtah
79%
Country where Timbuktu can be foundMali
79%
National sport of JapanSumo
75%
Term for a poor, dense, urban neighborhoodSlum
75%
Word following Notting, Bunker, and PalatineHill
74%
French for "north"Nord
73%
Official language of PakistanUrdu
73%
City in northern EnglandYork
73%
Germany is the #2 producer of
this beer ingredient
Hops
71%
The Pantheon, Hagia Sophia, and
Taj Mahal all have one
Dome
64%
Shape of Saint Louis's most famous landmarkArch
63%
International oil cartelOPEC
63%
Wharf; jetty; pierQuay
62%
Mediterranean island where Napoleon was exiledElba
60%
Rwanda's largest ethnic groupHutu
58%
Small, partially-wooded valleyDell
36%
Staple crop of PolynesiaTaro
34%

Score Distribution

Percentile by Number Answered

Percent of People with Each Score

Your Score History

You have not taken this quiz